ˆ[‰Издания]. Вып. № 4: Бетон (Запись № 13587461)

Подробности
000 -МАРКЕР
контрольное поле 01505nam2a2200229 4500
001 - ИДЕНТИФИКАТОР ЗАПИСИ
контрольное поле rc\2888926
005 - ИДЕНТИФИКАТОР ВЕРСИИ
контрольное поле 20260315052837.0
035 ## - ДРУГИЕ СИСТЕМНЫЕ НОМЕРА
Идентификатор записи (NLR Aleph) 007041332
100 ## - ДАННЫЕ ОБЩЕЙ ОБРАБОТКИ
Данные общей обработки 20110723d1931 u y0rusy50 ca
101 0# - ЯЗЫК РЕСУРСА
Язык текста, звукозаписи и т.д. русский
102 ## - СТРАНА ПУБЛИКАЦИИ ИЛИ ПРОИЗВОДСТВА
Страна публикации Российская Федерация
105 ## - ПОЛЕ КОДИРОВАННЫХ ДАННЫХ: ТЕКСТОВЫЕ МАТЕРИАЛЫ, МОНОГРАФИЧЕСКИЕ
Кодированные данные о монографическом текстовом документе y z |||||
200 1# - ЗАГЛАВИЕ И СВЕДЕНИЯ ОБ ОТВЕТСТВЕННОСТИ
Основное заглавие Бетон
Сведения, относящиеся к заглавию Исследовательские работы, проектирование составов и контроль на постройках
210 ## - ПУБЛИКАЦИЯ, РАСПРОСТРАНЕНИЕ И ДР.
Дата издания, распространения и т.д. 1931
461 #0 - УРОВЕНЬ НАБОРА
Встроенное поле 001rc\2888923
-- 2001#$aˆ[‰Издания]$eВып. 2-№ 9$fВСНХ. Союзстрой СССР. Гос. науч.-экспериментальный ин-т гражд., пром. и инж. сооружений. Сектор бетонных и жел.-бетонных сооружений. Науч.-исслед. ин-т бетонов$vВып. № 4
Системный номер (АБИС) связанной записи 6100445
Автор Научно-исследовательский институт бетонов (Ленинград)
Место публикации Ленинград
Дата публикации 1931
Первые сведения об ответственности ВСНХ. Союзстрой СССР. Гос. науч.-экспериментальный ин-т гражд., пром. и инж. сооружений. Сектор бетонных и жел.-бетонных сооружений. Науч.-исслед. ин-т бетонов
Имя издателя, распространителя и т.д. Б. и.
Сведения, относящиеся к заглавию Вып. 2-№ 9
Заглавие ˆ[‰Издания]
Номер тома Вып. № 4
700 #1 - ИМЯ ЛИЦА - ПЕРВИЧНАЯ ОТВЕТСТВЕННОСТЬ
Начальный элемент ввода Скрамтаев
Часть имени, кроме начального элемента ввода Б.Г.
801 #0 - ИСТОЧНИК ЗАПИСИ
Страна Российская Федерация
Организация NLR
Правила каталогизации psbo
801 #1 - ИСТОЧНИК ЗАПИСИ
Страна Российская Федерация
Организация ELAR
Источник данных rusmarc
852 ## - МЕСТОНАХОЖДЕНИЕ И ШИФР ХРАНЕНИЯ
Идентификатор организации NLR
Шифр хранения (Call Number) 30-19/541
942 ## - ДОПОЛНИТЕЛЬНЫЕ ЭЛЕМЕНТЫ ЗАПИСИ (АБИС)
Тип экземпляра АБИС Неопределено
980 ## - КОЛЛЕКЦИЯ
Название коллекции Национальная библиография

Нет доступных экземпляров.